00572nam a2200157Ia 4500008004100000040001800041041001200059082001700071100001200088245013700100260000900237300001100246942000700257952013500264999001500399230917s9999||||xx |||||||||||||| ||und|| e5008378aMAIN aEnglish a572.86 T926I aTwinkle 0aIsolation, molecular characterization and enzymatic potential of root nodule bacteria towards improving performance of bioinoculants c2021 a137 p. cBK 0010406572_860000000000000_T926I70916116aMAINbMAINd2022-06-21l0o572.86 T926Ip224784r2023-09-17 17:22:03w2023-09-17yBK c9884d9884